[Event "American Continental Rapid 18th"]
[Site "Medellin"]
[Date "2024.06.01"]
[Round "7"]
[White "Duran Vega, Sergio"]
[Black "Ojeda, Jesus David"]
[Result "0-1"]
[WhiteElo "2321"]
[BlackElo "2075"]
[PlyCount "78"]
[EventDate "2024.06.01"]
[EventType "swiss (rapid)"]
[EventRounds "9"]
[EventCountry "COL"]
[SourceTitle "CBM 220 Extra"]
[Source "ChessBase"]
[SourceDate "2024.07.31"]
[SourceVersion "1"]
[SourceVersionDate "2024.07.31"]
[SourceQuality "1"]

1. d4 e6 2. c4 Nf6 3. g3 d5 4. Bg2 c5 5. cxd5 exd5 6. Nf3 Nc6 7. 0-0 Be7 8. dxc5 Bxc5 9. a3 0-0 10. b4 Bb6 11. Bb2 Ne4 12. Nc3 Be6 13. e3 h6 14. Ne2 Qd7 15. Nf4 Rad8 16. Qe2 Rfe8 17. Rfd1 Qe7 18. Nd4 Bc8 19. Nxc6 bxc6 20. Bd4 Bc7 21. Rac1 Bb7 22. Qb2 a6 23. Bxg7 f6 24. Bxe4 Qxe4 25. Qxf6 Be5 26. Qxh6 Bxg7 27. Qg5 Qe5 28. Qg6 Rd6 29. Qg4 Bc8 30. Qe2 Rh6 31. Rc5 Qe4 32. Rdc1 Bd7 33. Qxa6 Be5 34. Qb7 Re7 35. Rxc6 Bxf4 36. exf4 Bh3 37. Rc8+ Kf7 38. Qxe7+ Kxe7 39. R8c7+ Kd8 0-1

[Event "American Continental Rapid 18th"]
[Site "Medellin"]
[Date "2024.06.01"]
[Round "6"]
[White "Ojeda, Jesus David"]
[Black "Zapata Sanchez, Juan Jose"]
[Result "1-0"]
[WhiteElo "2075"]
[BlackElo "1847"]
[PlyCount "56"]
[EventDate "2024.06.01"]
[EventType "swiss (rapid)"]
[EventRounds "9"]
[EventCountry "COL"]
[SourceTitle "CBM 220 Extra"]
[Source "ChessBase"]
[SourceDate "2024.07.31"]
[SourceVersion "1"]
[SourceVersionDate "2024.07.31"]
[SourceQuality "1"]

1. d4 d5 2. e3 Nf6 3. Bd3 Bg4 4. Nf3 e6 5. h3 Bh5 6. c4 c6 7. Nc3 Nbd7 8. Qe2 Bg6 9. 0-0 Bb4 10. Bd2 Bxc3 11. Bxc3 Ne4 12. Bb4 f5 13. Nd2 Qg5 14. Qe1 Ndf6 15. Nf3 Qh6 16. Ne5 Nd7 17. cxd5 Nxe5 18. dxe5 exd5 19. f4 Bf7 20. Rd1 0-0-0 21. a4 Rhg8 22. h4 Qe6 23. Bxe4 dxe4 24. Bd6 b6 25. a5 Kb7 26. Qc3 Qb3 27. a6+ Kxa6 28. Qxc6 Qc4 1-0

[Event "American Continental Blitz 18th"]
[Site "Medellin"]
[Date "2024.05.29"]
[Round "1"]
[White "Meza Galvan, Victor Andres"]
[Black "Ojeda, Jesus David"]
[Result "0-1"]
[WhiteElo "1707"]
[BlackElo "2075"]
[PlyCount "66"]
[EventDate "2024.05.29"]
[EventType "swiss (blitz)"]
[EventRounds "9"]
[EventCountry "COL"]
[SourceTitle "CBM 220 Extra"]
[Source "ChessBase"]
[SourceDate "2024.07.31"]
[SourceVersion "1"]
[SourceVersionDate "2024.07.31"]
[SourceQuality "1"]

1. e4 e5 2. Nf3 Nc6 3. d4 exd4 4. Nxd4 Bc5 5. Nxc6 Qf6 6. Qe2 dxc6 7. Nc3 Ne7 8. Be3 Bb4 9. Bd2 Ng6 10. f3 Nf4 11. Qe3 g5 12. g3 Ne6 13. Be2 Bc5 14. Qd3 b5 15. 0-0-0 0-0 16. h4 g4 17. fxg4 a5 18. g5 Qe5 19. h5 Nxg5 20. Bxg5 Qxg5+ 21. Kb1 b4 22. Na4 Ba6 23. Qf3 Bd6 24. Rh4 Kh8 25. Rg4 Qh6 26. Bd3 Bb5 27. b3 Be5 28. Nb2 Rad8 29. Nc4 Bg7 30. e5 Bxc4 31. Bxc4 Rxd1+ 32. Qxd1 Bxe5 33. Bxf7 Qf6 0-1

[Event "American Continental 18th"]
[Site "Medellin"]
[Date "2024.05.28"]
[Round "7"]
[White "Ojeda, Jesus David"]
[Black "Ticona Rocabado, Licael Roderick"]
[Result "0-1"]
[WhiteElo "2075"]
[BlackElo "2360"]
[PlyCount "69"]
[EventDate "2024.05.24"]
[EventType "swiss"]
[EventRounds "11"]
[EventCountry "COL"]
[SourceTitle "CBM 220 Extra"]
[Source "ChessBase"]
[SourceDate "2024.07.31"]
[SourceVersion "1"]
[SourceVersionDate "2024.07.31"]
[SourceQuality "1"]

1. e4 e6 2. d3 d5 3. Qe2 Nf6 4. Nf3 c5 5. Nbd2 Nc6 6. g3 Be7 7. Bg2 0-0 8. 0-0 b5 9. Re1 a5 10. Nf1 b4 11. e5 Nd7 12. h4 Ba6 13. N1h2 c4 14. dxc4 Bxc4 15. Qd1 Bc5 16. h5 f6 17. exf6 Qxf6 18. h6 Nde5 19. hxg7 Qxg7 20. Be3 Nxf3+ 21. Nxf3 Bxe3 22. Rxe3 d4 23. Re4 Bd5 24. Rh4 Qf6 25. Qd3 Ra7 26. Rf4 Qg6 27. Qxg6+ hxg6 28. Nxd4 Rff7 29. Rf5 Rxf5 30. Nxc6 Rf4 31. gxf4 Bxc6 32. Rc1 Rc7 33. Be4 Bb5 34. b3 Bc4 35. Bd5 0-1

[Event "Velez op 10th"]
[Site "Velez Santander"]
[Date "2023.11.04"]
[Round "7"]
[White "Ojeda, Jesus David"]
[Black "Ynojosa Aponte, Felix Jose"]
[Result "0-1"]
[WhiteElo "2071"]
[BlackElo "2393"]
[PlyCount "56"]
[EventDate "2023.11.01"]
[EventType "swiss"]
[EventRounds "10"]
[EventCountry "COL"]
[SourceTitle "CBM 217 Extra"]
[Source "ChessBase"]
[SourceDate "2024.01.31"]
[SourceVersion "1"]
[SourceVersionDate "2024.01.31"]
[SourceQuality "1"]

1. d4 Nf6 2. c4 e6 3. a3 d5 4. e3 c6 5. Nc3 Bd6 6. f4 Ne4 7. Nf3 0-0 8. Qc2 f5 9. Bd2 b6 10. Rg1 Nd7 11. Nxe4 fxe4 12. Ng5 Qe7 13. 0-0-0 Bb7 14. Kb1 Rac8 15. Be2 h6 16. Nh3 c5 17. g4 cxd4 18. exd4 Ba6 19. b3 Bxa3 20. g5 h5 21. Bxh5 dxc4 22. Qxe4 c3 23. Bg4 Rfe8 24. f5 Qb4 25. Ka2 Qa5 26. f6 Bb4+ 27. Kb1 c2+ 28. Qxc2 Rxc2 0-1

[Event "COL-ch"]
[Site "Cartagena"]
[Date "2023.06.10"]
[Round "5"]
[White "Garavito, Miguel Angel"]
[Black "Ojeda, Jesus David"]
[Result "1-0"]
[WhiteElo "2315"]
[BlackElo "2044"]
[PlyCount "84"]
[EventDate "2023.06.08"]
[EventType "swiss"]
[EventRounds "9"]
[EventCountry "COL"]
[SourceTitle "CBM 215 Extra"]
[Source "ChessBase"]
[SourceDate "2023.09.30"]
[SourceVersion "1"]
[SourceVersionDate "2023.09.30"]
[SourceQuality "1"]

1. Nf3 d5 2. d4 e6 3. c4 Nf6 4. Nc3 c5 5. cxd5 exd5 6. g3 Nc6 7. Bg2 Be6 8. 0-0 h6 9. Bf4 c4 10. b3 Qa5 11. Bd2 Bb4 12. Qc1 cxb3 13. axb3 Qd8 14. Na4 Rc8 15. Bxb4 Nxb4 16. Qd2 a5 17. Nc5 b6 18. Nxe6 fxe6 19. Ne5 0-0 20. Rac1 Ne4 21. Bxe4 dxe4 22. Rxc8 Qxc8 23. Rc1 Qd8 24. Qe3 Qg5 25. Qxg5 hxg5 26. Rc7 Nd5 27. Rc6 e3 28. Ng4 exf2+ 29. Nxf2 Rb8 30. Nd3 Kf7 31. Kf2 Rb7 32. e4 Nf6 33. Kf3 Ke7 34. Ne5 Nd7 35. Nc4 Rb8 36. e5 Rh8 37. Nxb6 Rb8 38. Nc8+ Kd8 39. Nd6 Rxb3+ 40. Kg4 Nb6 41. Nb7+ Kd7 42. Nxa5 Nd5 1-0

[Event "COL-ch"]
[Site "Cartagena"]
[Date "2023.06.09"]
[Round "3"]
[White "Barrientos Chavarriaga, Sergio E"]
[Black "Ojeda, Jesus David"]
[Result "1/2-1/2"]
[WhiteElo "2475"]
[BlackElo "2044"]
[PlyCount "101"]
[EventDate "2023.06.08"]
[EventType "swiss"]
[EventRounds "9"]
[EventCountry "COL"]
[SourceTitle "CBM 215 Extra"]
[Source "ChessBase"]
[SourceDate "2023.09.30"]
[SourceVersion "1"]
[SourceVersionDate "2023.09.30"]
[SourceQuality "1"]

1. e4 e5 2. Nf3 Nc6 3. Bb5 Nge7 4. c3 d6 5. d4 Bd7 6. 0-0 Ng6 7. Re1 Be7 8. Nbd2 0-0 9. Nf1 Bf6 10. d5 Nce7 11. Bxd7 Qxd7 12. Ng3 Nf4 13. Be3 g5 14. c4 h6 15. c5 Bh8 16. Rc1 f5 17. Bxf4 exf4 18. c6 bxc6 19. dxc6 Qe6 20. Nxf5 Nxf5 21. exf5 Qxa2 22. Nd4 Qd5 23. Ne6 Qxd1 24. Rcxd1 Rf7 25. h4 Bxb2 26. hxg5 hxg5 27. g4 fxg3 28. fxg3 a5 29. Re2 Be5 30. Kg2 a4 31. Ra2 a3 32. Rd3 Bb2 33. g4 Ra4 34. Kf3 Rh7 35. Nxg5 Rh4 36. Rb3 Raxg4 37. Ne6 Rh3+ 38. Kxg4 Rxb3 39. Nxc7 Rc3 40. Nd5 Rc4+ 41. Kf3 Kg7 42. c7 Kf7 43. Ke3 Ke8 44. Kf3 Rc5 45. Ke4 Kd7 46. f6 Ke6 47. Nf4+ Kxf6 48. Nd3 Rxc7 49. Nxb2 axb2 50. Rxb2 Ke6 51. Rb5 1/2-1/2

[Event "COL-ch"]
[Site "Cartagena"]
[Date "2023.06.08"]
[Round "1"]
[White "Merino Vanegas, Santiago Andres"]
[Black "Ojeda, Jesus David"]
[Result "0-1"]
[WhiteElo "1156"]
[BlackElo "2044"]
[PlyCount "66"]
[EventDate "2023.06.08"]
[EventType "swiss"]
[EventRounds "9"]
[EventCountry "COL"]
[SourceTitle "CBM 215 Extra"]
[Source "ChessBase"]
[SourceDate "2023.09.30"]
[SourceVersion "1"]
[SourceVersionDate "2023.09.30"]
[SourceQuality "1"]

1. e4 e5 2. Nf3 Nc6 3. Bc4 Bc5 4. c3 Nf6 5. d3 d6 6. Bb3 Bg4 7. h3 Bh5 8. Be3 Qd7 9. Nbd2 Bxe3 10. fxe3 d5 11. exd5 Nxd5 12. Qe2 f5 13. Nxe5 Nxe5 14. Qxh5+ g6 15. Qe2 0-0-0 16. 0-0-0 Rhe8 17. d4 Nf7 18. Qd3 Rxe3 19. Qc2 Re2 20. Rdg1 Rde8 21. Bc4 Ne3 22. Qb3 Nxc4 23. Qxc4 Nd6 24. Qd3 Qa4 25. Kb1 R8e3 26. Qc2 Qxc2+ 27. Kxc2 Ne4 28. Rd1 Nf2 29. Rhg1 Nxd1 30. Kxd1 Rf2 31. Nc4 Ree2 32. g4 b5 33. Ne5 Rxb2 0-1

[Event "Cucuta Unicentro Cup"]
[Site "Cucuta"]
[Date "2021.09.18"]
[Round "3"]
[White "Pabon Vanegas, Eduardo"]
[Black "Ojeda, Jesus David"]
[Result "0-1"]
[WhiteElo "1320"]
[BlackElo "2064"]
[PlyCount "58"]
[EventDate "2021.09.18"]
[EventType "swiss"]
[EventRounds "7"]
[EventCountry "COL"]
[SourceTitle "EXT 2023"]
[Source "ChessBase"]
[SourceDate "2022.10.05"]
[SourceVersion "1"]
[SourceVersionDate "2022.10.05"]
[SourceQuality "1"]

1. c4 e5 2. Nc3 Nf6 3. Nf3 Nc6 4. e3 d6 5. d4 exd4 6. Nxd4 Ne5 7. Be2 Be7 8. Qb3 0-0 9. 0-0 Re8 10. Bd2 Bf8 11. Qc2 Bd7 12. e4 c5 13. Nf3 Nc6 14. Bg5 Bg4 15. Rad1 Bxf3 16. Bxf3 Nd4 17. Qd3 Be7 18. Rfe1 Nd7 19. Bxe7 Rxe7 20. Rd2 Ne5 21. Qe3 Nxc4 22. Qd3 Ne5 23. Qe3 Nc4 24. Qd3 Nxd2 25. Qxd2 Nxf3+ 26. gxf3 Re6 27. Kh1 Rg6 28. f4 Qh4 29. Ne2 Qxf2 0-1

[Event "Soacha op-A"]
[Site "Soacha"]
[Date "2021.09.11"]
[Round "8"]
[White "Ojeda, Jesus David"]
[Black "Vargas Benavides, Mauricio"]
[Result "1-0"]
[WhiteElo "2051"]
[BlackElo "2134"]
[PlyCount "108"]
[EventDate "2021.09.08"]
[EventType "swiss"]
[EventRounds "10"]
[EventCountry "COL"]
[SourceTitle "CBM 204 Extra"]
[Source "ChessBase"]
[SourceDate "2021.11.30"]
[SourceVersion "1"]
[SourceVersionDate "2021.11.30"]
[SourceQuality "1"]

1. d4 d6 2. c4 Nf6 3. Nc3 Nbd7 4. d5 g6 5. e4 Nc5 6. f3 Bg7 7. Nge2 a5 8. Be3 e5 9. Qd2 h5 10. 0-0-0 b6 11. Kb1 h4 12. Bg5 Rh5 13. Be3 Bd7 14. Rg1 Qe7 15. g4 hxg3 16. hxg3 Rh2 17. Rg2 Rh1 18. g4 Rh8 19. Nc1 Kd8 20. Bg5 Kc8 21. Nd3 Qf8 22. Rg1 Nh7 23. Be3 f6 24. b3 Kb7 25. Kc2 Qf7 26. Be2 Bf8 27. Rb1 Be7 28. Rh1 f5 29. gxf5 gxf5 30. a3 Nf6 31. Rxh8 Rxh8 32. Bxc5 dxc5 33. Nxe5 Qg7 34. Nxd7 Nxd7 35. Qf4 Bf6 36. Nb5 Be5 37. Qxf5 Rh2 38. Re1 Bg3 39. Qe6 Nb8 40. d6 Bxe1 41. dxc7 Rxe2+ 42. Kd1 Qd7+ 43. Qxd7 Nxd7 44. Kxe2 Bg3 45. Ke3 Bxc7 46. f4 Kc6 47. e5 Nf8 48. Nxc7 Kxc7 49. f5 Nd7 50. Ke4 Nb8 51. Kd5 Nc6 52. f6 Nd8 53. Ke4 Kb7 54. Ke3 Nc6 1-0

[Event "COL-ch sf"]
[Site "Santa Rosa"]
[Date "2021.08.13"]
[Round "5"]
[White "Mena Cordoba, Yamil Octavio"]
[Black "Ojeda, Jesus David"]
[Result "0-1"]
[WhiteElo "1906"]
[BlackElo "2136"]
[PlyCount "64"]
[EventDate "2021.08.11"]
[EventType "swiss"]
[EventRounds "11"]
[EventCountry "COL"]
[SourceTitle "CBM 204 Extra"]
[Source "ChessBase"]
[SourceDate "2021.11.30"]
[SourceVersion "1"]
[SourceVersionDate "2021.11.30"]
[SourceQuality "1"]

1. e4 c5 2. Nf3 e6 3. d4 cxd4 4. Nxd4 Nc6 5. Be3 Nf6 6. Nxc6 bxc6 7. Bd3 d5 8. e5 Nd7 9. f4 c5 10. 0-0 g6 11. c4 Nb6 12. cxd5 Nxd5 13. Bd2 Qb6 14. Qb3 Nb4 15. Bc4 Bb7 16. Nc3 a6 17. Rf2 Qc7 18. Re1 Be7 19. Be3 Bh4 20. g3 Be7 21. a3 Nc6 22. Qa4 0-0 23. Bf1 Rfd8 24. Qc4 Nd4 25. Bxd4 Rxd4 26. Qe2 c4 27. h4 Bc5 28. Kh2 Rd3 29. Rc1 Rad8 30. Nb1 Bxf2 31. Qxf2 Rd1 32. Rxc4 Qxc4 0-1

[Event "Feria de las Flores 28th"]
[Site "Medellin"]
[Date "2021.08.07"]
[Round "6"]
[White "Ojeda, Jesus David"]
[Black "Dominguez, Laura Lucia"]
[Result "0-1"]
[WhiteElo "2136"]
[BlackElo "1955"]
[PlyCount "43"]
[EventDate "2021.08.04"]
[EventType "swiss"]
[EventRounds "9"]
[EventCountry "COL"]
[SourceTitle "EXT 2022"]
[Source "ChessBase"]
[SourceDate "2021.10.06"]
[SourceVersion "1"]
[SourceVersionDate "2021.10.06"]
[SourceQuality "1"]

1. d4 Nf6 2. c4 b6 3. Nc3 Bb7 4. f3 d5 5. cxd5 Nxd5 6. e4 Nxc3 7. bxc3 e5 8. Bb5+ c6 9. Bc4 exd4 10. Qb3 Qd7 11. a4 Bc5 12. Bb2 d3 13. Rd1 0-0 14. Rxd3 Qe7 15. Ne2 Nd7 16. Nd4 Ne5 17. Rd1 Nxc4 18. Qxc4 a5 19. Nf5 Qg5 20. Qe2 Ba6 21. Qd2 Qxf5 22. exf5 0-1

[Event "COL-chT 21st"]
[Site "Cartagena"]
[Date "2019.11.30"]
[Round "6.1"]
[White "Guayara Diaz, William Alonso"]
[Black "Ojeda, Jesus David"]
[Result "0-1"]
[WhiteElo "2001"]
[BlackElo "2098"]
[PlyCount "96"]
[EventDate "2019.11.30"]
[EventType "team-swiss"]
[EventRounds "9"]
[EventCountry "COL"]
[SourceTitle "CBM 195 Extra"]
[Source "ChessBase"]
[SourceDate "2020.05.31"]
[SourceVersion "1"]
[SourceVersionDate "2020.05.31"]
[SourceQuality "1"]
[WhiteTeam "Narino"]
[BlackTeam "Norte de Santander"]
[WhiteTeamCountry "COL"]
[BlackTeamCountry "COL"]

1. d4 Nf6 2. Bf4 e6 3. e3 d5 4. Nd2 c5 5. c3 Nc6 6. Bd3 Bd6 7. Bxd6 Qxd6 8. f4 cxd4 9. cxd4 Nb4 10. Bb1 b6 11. a3 Nc6 12. Bd3 Ne7 13. Qe2 Nf5 14. Nh3 h5 15. 0-0 Ng4 16. Rf3 0-0 17. Nf2 Nf6 18. Nh3 Ng4 19. Nf2 Nf6 20. Rh3 Nh6 21. Nf3 g6 22. Ne5 Nd7 23. Rg3 Nxe5 24. fxe5 Qe7 25. Qxh5 Nf5 26. Bxf5 exf5 27. Nh3 Kg7 28. Qg5 Qxg5 29. Nxg5 Ba6 30. Rf3 Rac8 31. Rf2 Rc6 32. h3 Rfc8 33. Kh2 Rc2 34. Rxc2 Rxc2 35. b4 Bc4 36. Kg3 Re2 37. Kf3 Rc2 38. h4 Bd3 39. Kg3 Re2 40. Kf3 Rb2 41. Kf4 Rf2+ 42. Kg3 Re2 43. Kf3 Rc2 44. a4 a6 45. a5 b5 46. g4 Be2+ 47. Kf4 Bxg4 48. e6 f6 0-1

[Event "COL-chT 21st"]
[Site "Cartagena"]
[Date "2019.11.30"]
[Round "3.1"]
[White "Romero Martinez, Filadelfo"]
[Black "Ojeda, Jesus David"]
[Result "0-1"]
[WhiteElo "2046"]
[BlackElo "2098"]
[PlyCount "132"]
[EventDate "2019.11.30"]
[EventType "team-swiss"]
[EventRounds "9"]
[EventCountry "COL"]
[SourceTitle "CBM 195 Extra"]
[Source "ChessBase"]
[SourceDate "2020.05.31"]
[SourceVersion "1"]
[SourceVersionDate "2020.05.31"]
[SourceQuality "1"]
[WhiteTeam "Sucre"]
[BlackTeam "Norte de Santander"]
[WhiteTeamCountry "COL"]
[BlackTeamCountry "COL"]

1. e4 d6 2. Nf3 Nf6 3. Nc3 c6 4. d4 g6 5. Bc4 Bg7 6. h3 b5 7. Bd3 0-0 8. a3 a6 9. 0-0 Nbd7 10. e5 Ne8 11. Re1 dxe5 12. dxe5 Nc5 13. Bf1 Nc7 14. Qxd8 Rxd8 15. Bg5 Kf8 16. b4 N5e6 17. Be3 Bb7 18. Rad1 Ke8 19. Bb6 Rd7 20. Rxd7 Kxd7 21. Rd1+ Ke8 22. g3 Nd5 23. Nxd5 cxd5 24. Bg2 Rc8 25. Rd2 Rc3 26. Nd4 Nxd4 27. Bxd4 Rxa3 28. Kh2 e6 29. f4 Ra2 30. Kg1 Bf8 31. Kf2 Bxb4 32. Re2 Kd7 33. Ke3 Kc6 34. Kd3 a5 35. g4 Be7 36. f5 b4 37. fxe6 fxe6 38. Rf2 Ba6+ 39. Ke3 Bg5+ 40. Kf3 Bh4 41. Rd2 Ra1 42. Bxa1 a4 43. Rd1 Bg5 44. Bf1 Bb7 45. Bd4 Be7 46. Ra1 a3 47. Bd3 Bc8 48. Ke2 Bd7 49. Kd1 Bg5 50. Rb1 Be7 51. c3 a2 52. Ra1 b3 53. Kc1 Ba3+ 54. Kd1 Bb2 55. c4 Bxd4 56. cxd5+ Kxd5 57. Rc1 Kxe5 58. Bc4 a1Q 59. Rxa1 Bxa1 60. Bxb3 Bc6 61. Ke2 Bd4 62. Bc2 Bb5+ 63. Kf3 Bc6+ 64. Kg3 Bc3 65. Kh4 Kf6 66. Bd3 Be1# 0-1